| 000 | 00460nam a2200133Ia 4500 | ||
|---|---|---|---|
| 008 | 250506s9999 xx 000 0 und d | ||
| 024 | _a10B-78-BS, 10B-102-BS & 10B-104-BS | ||
| 082 | _a005.072 TAJ | ||
| 100 | _aS.M Taj Amin, Mohammad Atif Butt & Osama Fareed | ||
| 245 | 0 | _aData Connectivity of Rural Health Offices and E-Health Record System | |
| 260 |
_aKarachi: _bUIT, _c2010 |
||
| 600 | _aComputer Science | ||
| 650 | _aBachelor of Computer Science (BS) | ||
| 999 |
_c27531 _d27531 |
||